000 00333nam a22001337a 4500
008 170623b xxu||||| |||| 00| 0 eng d
020 _a9780300073942
041 _aeng
080 _a32
100 _a21
101 _aSHP
245 _aFRIENDSHIP WHY AMERICANS CAN I THINK STRAIGHT ABAUT RACE
_cDEMOTT.B
942 _2udc
_cBK
999 _c18869
_d18869